| 000 | 00554nam a22001577a 4500 | ||
|---|---|---|---|
| 003 | NUST | ||
| 082 | _a200 | ||
| 100 |
_aHashmi, Syeda Hajra Farhat _997820 |
||
| 245 |
_aReal-Time Telecommunication Network Management using Data Mining and Machine Learning Techniques / _cSyeda Hajra Farhat Hashmi |
||
| 264 |
_aIslamabad : _bSEECS, NUST, _c2022. |
||
| 300 | _a27 p. ; | ||
| 650 |
_aMS-Information Technology _926924 |
||
| 700 |
_aSupervisor: Dr. Saad Qaiser _997821 |
||
| 856 | _uhttp://10.250.8.41:8080/xmlui/handle/123456789/30044 | ||
| 942 |
_2ddc _cSC |
||
| 999 |
_c591176 _d591176 |
||